|
|
|
|
| LEADER |
00000cam a2200000 7i4500 |
| 001 |
0000003666 |
| 005 |
20151222.0 |
| 008 |
070719 |
| 020 |
|
|
|a 9831351460(set)
|
| 020 |
|
|
|a 9831351509
|
| 090 |
0 |
0 |
|a JF
|b PR MAL (4609)
|
| 100 |
0 |
|
|a Amer Haji Matsom
|
| 245 |
1 |
0 |
|a Sesalan buat Halida
|c Amer Haji Matsom
|
| 260 |
|
|
|a Selangor :
|b Pustaka tintamas ,
|c 2006
|
| 440 |
|
|
|a Siri positif dan negatif
|
| 500 |
|
|
|a Children ages 7-9 years old (orange)
|
| 650 |
|
0 |
|a Moral stories
|
| 999 |
|
|
|a 0000927603
|b Book
|c Children Collection
|e Cawangan Tangkak
|
| 999 |
|
|
|a 0000927604
|b Book
|c Children Collection
|e Cawangan Tangkak
|
| 999 |
|
|
|a 0000927605
|b Book
|c Children Collection
|e Cawangan Tangkak
|
| 999 |
|
|
|a 0000946561
|b Book
|c Children Collection
|e Cawangan Taman Sri Lambak
|
| 999 |
|
|
|a 0000969493
|b Book
|c Children Collection
|e Cawangan Taman Universiti
|
| 999 |
|
|
|a 0000969494
|b Book
|c Children Collection
|e Cawangan Bandar Penawar
|
| 999 |
|
|
|a 0000969496
|b Book
|c Children Collection
|e Cawangan Pontian
|
| 999 |
|
|
|a 0000985962
|b Book
|c Children Collection
|e Cawangan Segamat
|
| 999 |
|
|
|a 0000985963
|b Book
|c Children Collection
|e Cawangan Kota Tinggi
|
| 999 |
|
|
|a 0000985965
|b Book
|c Children Collection
|e Perbadanan Perpustakaan Awam Johor
|
| 999 |
|
|
|a 0000985966
|b Book
|c Children Collection
|e Perbadanan Perpustakaan Awam Johor
|